Normal view MARC view

Entry Personal Name

Number of records used in: 1

001 - CONTROL NUMBER

  • control field: 1139335

003 - CONTROL NUMBER IDENTIFIER

  • control field: OSt

005 - DATE AND TIME OF LATEST TRANSACTION

  • control field: 20260324111625.0

008 - FIXED-LENGTH DATA ELEMENTS

  • fixed length control field: 260324|| aca||aabn | a|a d

040 ## - CATALOGING SOURCE

  • Original cataloging agency: OSt
  • Transcribing agency: OSt

100 ## - HEADING--PERSONAL NAME

  • Personal name: Francesc Pozo Montero; Núria Parés Mariné; Yolanda Vidal Seguí

670 ## - SOURCE DATA FOUND

  • Source citation: Work cat.: (OSt)1728217: Francesc Pozo Montero; Núria Parés Mariné; Yolanda Vidal Seguí, Mathematics for Engineers
Copyright @ Delhi University Library System